Bariéry rozvoja podnikateľského prostredia

Salvato in:
Dettagli Bibliografici
Autore principale: Harumová, Anna, 1955-
Natura: Capitolo di libro
Lingua:slovacco
Tags: Aggiungi Tag
Nessun Tag, puoi essere il primo ad aggiungerne!!

MARC

LEADER 00000naa$a2200000$$$4500
001 0088978
005 20240502072008.3
041 0 |a slo 
044 |a SK 
245 1 0 |a Bariéry rozvoja podnikateľského prostredia  |c Anna Harumová 
100 1 |a Harumová, Anna, 1955-